• 首页
  • 本馆介绍
  • 公告通知
  • 最新文献
  • 馆藏检索
  • 电子资源
  • 读者导购
  • 参考咨询
  • 我的图书馆
  • 登录
  • 详细信息显示
  • 放入我的书架
  • 预约/预借图书
  • 作者相关作品
  • 分类相关作品
  • 丛书相关作品
  • 出版社相关作品

书目信息

  • 表格格式
  • 工作单格式
  • 卡片格式
题名:
体育教学训练论稿
    
 
作者: 任保国 著
分册:  
出版信息: 北京   人民体育出版社  1993.07
页数: 297页
开本: 19cm
丛书名:
单 册:
中图分类: G812.5
科图分类:
主题词: 体育事业--世界
电子资源:
ISBN: 7-5009-0956-X
000 00548nam0 2200193 450
001 0756261857
005 20071224154207.12
010    @a7-5009-0956-X@dCNY4.50
100    @a20071224d1993 km y0chiy0120 ea
101 0  @achi
102    @aCN@b110000
200 1  @a体育教学训练论稿@Ati yu jiao xue xun lian lun gao@f任保国著@Fren bao guo zhu
210    @a北京@c人民体育出版社@d1993.07
215    @a297页@d19cm
606 0  @a体育事业@x世界
690    @aG812.5@v4
701  0 @a任保国@Aren bao guo@4著
801  0 @aCN@bPFT@c20071224
905    @aBZT@dG812.5@e61
    
    体育教学训练论稿/任保国著.-北京:人民体育出版社,1993.07
    297页;19cm
    
    
    ISBN 7-5009-0956-X:CNY4.50
    
●
相关链接 在五车中查询图书 在当当中查询图书 在豆瓣中查询图书


正题名:体育教学训练论稿     索取号:G812.5/61         预约/预借

序号 登录号 条形码 馆藏地/架位号 状态 备注
1 068781   220002288   中心书库北库/ 北库026架A面3列5层75/ [索取号:G812.5/61] 在馆    
2 068782   220002287   中心书库北库/ 北库026架A面3列5层61/ [索取号:G812.5/61] 在馆    
3 068783   220002286   中心书库北库/ 北库026架A面3列5层62/ [索取号:G812.5/61] 在馆    
4 068784   220002285   中心书库北库/ 北库026架A面3列5层51/ [索取号:G812.5/61] 在馆    
5 068785   220002284   中心书库北库/ 北库026架A面3列5层63/ [索取号:G812.5/61] 在馆    
6 068786   220002283   中心书库北库/ 北库026架A面3列5层64/ [索取号:G812.5/61] 在馆    
7 068787   220002282   中心书库北库/ 北库026架A面3列5层50/ [索取号:G812.5/61] 在馆    
8 068788   220002281   中心书库北库/ 北库026架A面3列5层67/ [索取号:G812.5/61] 在馆    
9 068789   220002280   中心书库北库/ 北库026架A面3列5层76/ [索取号:G812.5/61] 在馆    
10 068790   220002279   中心书库北库/ 北库026架A面3列5层71/ [索取号:G812.5/61] 在馆    
11 068791   220002278   中心书库北库/ 北库026架A面3列5层77/ [索取号:G812.5/61] 在馆    
12 068792   220002277   中心书库北库/ 北库026架A面3列5层69/ [索取号:G812.5/61] 在馆    
13 068793   220002276   中心书库北库/ 北库026架A面3列5层70/ [索取号:G812.5/61] 在馆    
14 068794   220002275   中心书库北库/ 北库026架A面3列5层65/ [索取号:G812.5/61] 在馆    
15 068795   220002274   中心书库北库/ 北库026架A面3列5层66/ [索取号:G812.5/61] 在馆    
16 068796   220002273   中心书库北库/ 北库026架A面3列5层48/ [索取号:G812.5/61] 在馆    
17 068797   220002272   中心书库北库/ 北库026架A面3列5层49/ [索取号:G812.5/61] 在馆    
18 068798   220002271   中心书库北库/ 北库026架A面3列5层74/ [索取号:G812.5/61] 在馆    
19 068799   220002270   中心书库北库/ 北库026架A面3列5层72/ [索取号:G812.5/61] 在馆    
20 068800   220002269   中心书库北库/ 北库026架A面3列5层73/ [索取号:G812.5/61] 在馆    
山东省滨州职业学院图书馆 欢迎您!
大连网信软件有限公司© 版权所有